"Blind test" paroles chansons françaises - Statistiques

Statistiques générales
  • Ce quiz a été pris 1 100 fois
  • Le résultat moyen est 61 sur 350
Statistiques - réponses
Paroles Réponse % Correct
Elle a gommé les chiffres des horloges du quartier Je l'aime à mourir
60%
Elle a gommé les chiffres des horloges du quartier Francis Cabrel
59%
On me dit qu´aujourd´hui, on me dit que les autres font ainsi Céline Dion
57%
Ce soir c'est boxe, c'est foot, c'est Messi et Ronaldo, Lebron James et automoto, c'est Sangoku et les Naruto Soprano
57%
J'ai vu qu'le rap est à la mode et qu'il marche mieux quand il est sale Angèle
54%
Je voudrais que tu m'appelles plus souvent, que tu prennes parfois le devant Louise Attaque
54%
Dites-nous qui donne naissance aux irresponsables? Stromae
54%
J'ai vu qu'le rap est à la mode et qu'il marche mieux quand il est sale Balance ton quoi
53%
Dites-nous qui donne naissance aux irresponsables? Papaoutai
53%
On me dit qu´aujourd´hui, on me dit que les autres font ainsi Pour que tu m'aimes encore
52%
Et entendre ton rire comme on entend la mer, s'arrêter, repartir en arrière Renaud
50%
Ce soir c'est boxe, c'est foot, c'est Messi et Ronaldo, Lebron James et automoto, c'est Sangoku et les Naruto Cosmo
49%
Un peu larguée, un peu seule sur la terre, les mains tendues, les cheveux en arrière Elle a les yeux revolver
49%
À coup de livres, je franchirai tous ces murs Jean-Jacques Goldman
49%
Je voudrais que tu m'appelles plus souvent, que tu prennes parfois le devant J't'emmène au vent
49%
Et entendre ton rire comme on entend la mer, s'arrêter, repartir en arrière Mistral gagnant
49%
Tu parles sur moi, y a R, crache encore, y a R Aya Nakamura
48%
Un peu larguée, un peu seule sur la terre, les mains tendues, les cheveux en arrière Marc Lavoine
48%
Qu'est-ce que t'as, t'as l'air coincé? T'es défoncé ou t'es gay? Tu finiras comme ton frère Mika
48%
Sur mon chemin, j'ai croisé pas mal d'anciens, ils m'parlaient du lendemain et que tout allait si vite Sur ma route
48%
Sur mon chemin, j'ai croisé pas mal d'anciens, ils m'parlaient du lendemain et que tout allait si vite Black M
47%
Qu'est-ce que t'as, t'as l'air coincé? T'es défoncé ou t'es gay? Tu finiras comme ton frère Elle me dit
47%
À coup de livres, je franchirai tous ces murs Envole-moi
47%
Fille d'un quartier populaire, qui a apprit à être fière Amel Bent
43%
J'ai plus d'appétit qu'un Barracuda, je te mangerai crue si tu n'me reviens pas Claude François
43%
Tu parles sur moi, y a R, crache encore, y a R Djadja
43%
Mon père, mon héros, m'a offert, les Jordan 8 avec les scratch Orelsan
43%
Hé ouais ma puce, la thune rend beau, ça va faire 6 ans qu'on met des combos Maître Gims
42%
J'ai plus d'appétit qu'un Barracuda, je te mangerai crue si tu n'me reviens pas Alexandrie Alexandra
41%
Fille d'un quartier populaire, qui a apprit à être fière Ma philosophie
41%
Des jolies marguerites, sur le haut de ses "i", des courbes manuscrites comme dans les abbayes La lettre
40%
Ah, ah. P.I. : Pas Interessé ! Parle à ma main
40%
Et ce matin, sur l'avenue, deux amoureux tout étourdis par la longue nuit Les Champs-Elysées
39%
Hé ouais ma puce, la thune rend beau, ça va faire 6 ans qu'on met des combos Sapés comme jamais
39%
Difficile d'appeler au secours, quand tant de drames nous oppressent Daniel Balavoine
38%
Et ce matin, sur l'avenue, deux amoureux tout étourdis par la longue nuit Joe Dassin
38%
Mon père, mon héros, m'a offert, les Jordan 8 avec les scratch La quête
38%
Des jolies marguerites, sur le haut de ses "i", des courbes manuscrites comme dans les abbayes Renan Luce
38%
Je me ferais teindre en blonde si tu me le demandais Edith Piaf
36%
Ah, ah. P.I. : Pas Interessé ! Fatal Bazooka
36%
Difficile d'appeler au secours, quand tant de drames nous oppressent Tous les cris, les SOS
36%
On fera sûrement naufrage, mais on aura au moins essayé Hoshi
35%
Finie l'hypocrisie. Moi, j'me casse de là! J'en ai marre des langues de bois! Zaz
35%
C'est pas l'usine, c'est pas la mine, mais ça suffit pour se faire la belle Jean-Jacques Goldman
34%
C'est pire qu'une religion, au-delà d'une confession, je l'aime à en mourir Trois Cafés Gourmands
34%
Finie l'hypocrisie. Moi, j'me casse de là! J'en ai marre des langues de bois! Je veux
33%
Je me ferais teindre en blonde si tu me le demandais L'hymne à l'amour
33%
Bousillées mes godasses, bousillé sur ma joue Olivia Ruiz
33%
Devant une vitrine d'antiquités, j'imagine les retrouvailles de l'amitié. Patrick Bruel
33%
C'est pas l'usine, c'est pas la mine, mais ça suffit pour se faire la belle Quand la musique est bonne
33%
On prétend que là-bas, l'argent coule à flots Santiano
33%
On fera sûrement naufrage, mais on aura au moins essayé Ta marinière
33%
Comme souvent seule la Lune viendra lui tenir compagnie Bigflo et Oli
32%
En attendant je me déguise en chantant dans ma salle de bains Christophe Willem
32%
Comme souvent seule la Lune viendra lui tenir compagnie Dommage
32%
Devant une vitrine d'antiquités, j'imagine les retrouvailles de l'amitié. Place des grands hommes
32%
C'est pire qu'une religion, au-delà d'une confession, je l'aime à en mourir A nos souvenirs
31%
Merci bien pour la pièce, en c'moment, c'est dur, je confesse Claudio Capéo
29%
On prétend que là-bas, l'argent coule à flots Hugues Aufray
29%
À quoi ça va me servir d'aller couper les tiffs? Est-ce que ma vie sera mieux une fois que j'aurais mon certif'? Laurent Voulzy
29%
Merci bien pour la pièce, en c'moment, c'est dur, je confesse Un homme debout
29%
Pur produit de consommation, oui, mon compte est bon, mon compte est bon Zazie
29%
D'un chef de file, j'en ai pas l'profil, mais sur l'oreiller, j'aime pas qu'on me questionne Christophe Maé
28%
En attendant je me déguise en chantant dans ma salle de bains Double je
28%
Pur produit de consommation, oui, mon compte est bon, mon compte est bon Je suis un homme
28%
Je me suis assis auprès de son âme, mais la belle dame s'était enfuie Aline
27%
Et ce n'est qu'au matin, qu'on s'asseyait enfin, devant un café crème Charles Aznavour
27%
Son saxo jaune connaît toutes les rues par cœur Joe le taxi
27%
Et ce n'est qu'au matin, qu'on s'asseyait enfin, devant un café crème La bohème
27%
Je regardais le bleu du ciel, et j'étais bien Le chasseur
27%
Y a plein d'enfants, qui se roulent sur la pelouse, y a plein de chiens Le Sud
27%
Comme le trèfle à quatre feuilles, je cherche votre bonheur, je suis l'homme qui tombe à pic, pour prendre ton cœur MC Solaar
27%
Son saxo jaune connaît toutes les rues par cœur Vanessa Paradis
27%
On nous Claudia Schieffer, On nous Paul-Loup Sulitzer Alain Souchon
26%
Comme le trèfle à quatre feuilles, je cherche votre bonheur, je suis l'homme qui tombe à pic, pour prendre ton cœur Caroline
26%
Je me suis assis auprès de son âme, mais la belle dame s'était enfuie Christophe
26%
On nous Claudia Schieffer, On nous Paul-Loup Sulitzer Foule sentimentale
26%
Car j'imagine toujours le pire, et le meilleur me fait souffrir Indochine
26%
Si c'était un jour sans, sans en avoir l'air, de l'orage dans l'air Jour 1
26%
J'prends Uber Eats, j'suis calé au George V, à la Ribéry, j'mange des entrecôtes à mille-cinq La kiffance
26%
Si c'était un jour sans, sans en avoir l'air, de l'orage dans l'air Louane
26%
Je regardais le bleu du ciel, et j'étais bien Michel Delpech
26%
J'prends Uber Eats, j'suis calé au George V, à la Ribéry, j'mange des entrecôtes à mille-cinq Naps
26%
Y a plein d'enfants, qui se roulent sur la pelouse, y a plein de chiens Nino Ferrer
26%
D'un chef de file, j'en ai pas l'profil, mais sur l'oreiller, j'aime pas qu'on me questionne On s'attache
26%
À quoi ça va me servir d'aller couper les tiffs? Est-ce que ma vie sera mieux une fois que j'aurais mon certif'? Rockollection
26%
J'ai jeté, tellement de bouteilles à la mer, j'ai bu tant de liqueurs amères que j'en ai les lèvres de pierre Amir
25%
Elle arrange ses cheveux, j'ai le cœur juste au bord des yeux Calogero
25%
Elle arrange ses cheveux, j'ai le cœur juste au bord des yeux En apesanteur
25%
J'ai beau trimer, sans toi, ma vie n'est qu'un décor qui brille vide de sens Indila
25%
Car j'imagine toujours le pire, et le meilleur me fait souffrir J'ai demandé à la lune
25%
On risque pas de tenir longtemps, tu m'as même comparé à Lucifer Lomepal
25%
Quand fourche ma langue j'ai là, un fou rire aussi fou qu'un phénomène Alizée
24%
Dans le bordel des bars le soir, débraillés dans le noir Clara Luciani
24%
J'ai beau trimer, sans toi, ma vie n'est qu'un décor qui brille vide de sens Dernière Danse
24%
Elle est entrée comme un mirage la tête haute, ne se souciant pas du regard des autres La goffa Lolita
24%
Quand fourche ma langue j'ai là, un fou rire aussi fou qu'un phénomène Moi... Lolita
24%
Des airs d'orient, le sourire et le cœur brûlant, regard ébène Andalouse
23%
Chante pour moi, louis, oh oui, chante, chante, chante, ça tient chaud Armstrong
23%
Encore un jour se lève sur la planète France, mais j'ai depuis longtemps perdu mes rêves Damien Saez
23%
Des airs d'orient, le sourire et le cœur brûlant, regard ébène Kendji Girac
23%
On risque pas de tenir longtemps, tu m'as même comparé à Lucifer Trop beau
23%
Et ce qui perle sur mon front, gouttes de pluie, gouttes de froid Vianney
23%
J'ai des frissons, je me sens faible, je crois qu'je suis souffrant Bénabar
22%
Je t'inventerai des mots insensés que tu comprendras Jacques Brel
22%
Et ce qui perle sur mon front, gouttes de pluie, gouttes de froid Je m'en vais
22%
Encore un jour se lève sur la planète France, mais j'ai depuis longtemps perdu mes rêves Jeune et con
22%
J'ai des frissons, je me sens faible, je crois qu'je suis souffrant Le dîner
22%
j’ai 25 ans, un tsunami a tout emporté, même les jeux d’enfants, L'horloge tourne
22%
Et elle a réglé tous, tes impayés, tes impostures, tes ratures Vitaa
22%
Regardez-moi, ou du moins ce qu'il en reste, regardez-moi, avant que je me déteste Voilà
22%
Regardez-moi, ou du moins ce qu'il en reste, regardez-moi, avant que je me déteste Barbara Pravi
21%
Chante pour moi, louis, oh oui, chante, chante, chante, ça tient chaud Claude Nougaro
21%
C'est une douleur qui se garde, qui fait plus de bien que de mal Dernière danse
21%
J'ai jeté, tellement de bouteilles à la mer, j'ai bu tant de liqueurs amères que j'en ai les lèvres de pierre J'ai cherché
21%
C'est une douleur qui se garde, qui fait plus de bien que de mal Kyo
21%
Je t'inventerai des mots insensés que tu comprendras Ne me quitte pas
21%
A la rêver immobile, elle m'a trouvé bien futile, mais quand bouger l'a faite tourner Téléphone
21%
Et elle a réglé tous, tes impayés, tes impostures, tes ratures A fleur de toi
20%
"Est-ce que tout va si mal? Est-ce que rien ne va bien? L'homme est un animal" me dit-elle Déjeuner en paix
20%
C'était pas des anges non plus, l'Évangile, ils l'avaient pas lu Georges Brassens
20%
Si t'as rien trouvé pour squatter, viens donc faire un tour à... Lambé An Dro
20%
C'était pas des anges non plus, l'Évangile, ils l'avaient pas lu Les copains d'abord
20%
Les dimanches étaient monotones, on ne recevait jamais personne, ça ne le rendait pas malheureux Mon vieux
20%
Dans le bordel des bars le soir, débraillés dans le noir Respire encore
20%
Ma vie a brûlé sous trop de lumières, je ne peux pas partir dans l'ombre Dalida
19%
M’effacer ou m’avancer pour être dans ta trace, tout de dire ou bien me taire Ecris l'histoire
19%
Goûter à ce plein bonheur, qu'on vous donne comme par erreur Florent Pagny
19%
M’effacer ou m’avancer pour être dans ta trace, tout de dire ou bien me taire Grégory Lemarchal
19%
Elle est entrée comme un mirage la tête haute, ne se souciant pas du regard des autres La petite culotte
19%
Ils se sont cachés dans un grand champ de blé Michel Fugain
19%
Ma vie a brûlé sous trop de lumières, je ne peux pas partir dans l'ombre Mourir sur scène
19%
"Est-ce que tout va si mal? Est-ce que rien ne va bien? L'homme est un animal" me dit-elle Stephan Eicher
19%
Tu me dis que rien n'efface, ni la craie, ni le sang Beau Malheur
18%
Tu me dis que rien n'efface, ni la craie, ni le sang Emmanuel Moire
18%
Je n'ai plus envie de vivre ma vie, ma vie cesse quand tu pars Je suis malade
18%
Bousillées mes godasses, bousillé sur ma joue J'traine des pieds
18%
Goûter à ce plein bonheur, qu'on vous donne comme par erreur Savoir aimer
18%
Ils se sont cachés dans un grand champ de blé Une belle histoire
18%
J'ai ces bruits dans ma tête et j'aimerais que ça cesse mais en vain Yseult
18%
J'ai ces bruits dans ma tête et j'aimerais que ça cesse mais en vain Corps
17%
Les dimanches étaient monotones, on ne recevait jamais personne, ça ne le rendait pas malheureux Daniel Guichard
17%
Elle foudroie dans la rue, cet inconnu qui passe, et qui n'oubliera plus ce parfum qui volait La maladie d'amour
17%
En grandissant, rien ne s'est calmé, petite tempête s'est trouvé La symphonie des éclairs
17%
j’ai 25 ans, un tsunami a tout emporté, même les jeux d’enfants, Mickaël Miro
17%
A la rêver immobile, elle m'a trouvé bien futile, mais quand bouger l'a faite tourner Un autre monde
17%
En grandissant, rien ne s'est calmé, petite tempête s'est trouvé Zaho de Sagazan
17%
Laisser derrière toutes nos peines, nos haches de guerre, nos problèmes Allumer le feu
16%
Trouver le calme dans ce vacarme avant que je ne m'y noie Fréro Delavega
16%
Paris by night, regagne les cars, les boulangers font des bâtards Jacques Dutronc
16%
Laisser derrière toutes nos peines, nos haches de guerre, nos problèmes Johnny Hallyday
16%
Trouver le calme dans ce vacarme avant que je ne m'y noie Le chant des sirènes
16%
C'est elle, la saut'relle, la sirène en mal d'amour Marcia Baïla
16%
Elle foudroie dans la rue, cet inconnu qui passe, et qui n'oubliera plus ce parfum qui volait Michel Sardou
16%
C'est elle, la saut'relle, la sirène en mal d'amour Rita Mitsouko
16%
Je n'ai plus envie de vivre ma vie, ma vie cesse quand tu pars Serge Lama
16%
Comme avant, dans mes rêves d'enfant, pour cueillir en tremblant Barbara
15%
Il finira en garage, en building supermarché, il n'a plus aucune chance Eddy Mitchell
15%
Se réchauffer au cœur des banquises, se murmurer toutes ces bêtises Gilbert Montagné
15%
J'aime tous les succès de Duke Ellington, tous les standards d'Oscar Peterson La boîte de jazz
15%
Il finira en garage, en building supermarché, il n'a plus aucune chance La dernière séance
15%
Passer le reste de sa vie, tout simplement à l'écouter La groupie du pianiste
15%
Comme avant, dans mes rêves d'enfant, pour cueillir en tremblant L'aigle noir
15%
Si t'as rien trouvé pour squatter, viens donc faire un tour à... Matmatah
15%
Passer le reste de sa vie, tout simplement à l'écouter Michel Berger
15%
Se réchauffer au cœur des banquises, se murmurer toutes ces bêtises On va s'aimer
15%
J'ai mon boa, mon vieux chapeau, ma robe à fleurs et mon mégot Tata Yoyo
15%
Je l'ai conquis toute seule, il m'a offert toute sa vie Véronique Sanson
15%
J'ai mon boa, mon vieux chapeau, ma robe à fleurs et mon mégot Annie Cordy
14%
Et parce que ma peau est la seule que j'ai, que bientôt mes os seront dans le vent Caravane
14%
Les rêves ou la violence, ah oui, ça vous glace, mais c'est pour ça qu'on chante Et bam
14%
D'accord je t'ai confié, tous mes sourires, tous mes secrets Je t'aime
14%
D'accord je t'ai confié, tous mes sourires, tous mes secrets Lara Fabian
14%
Elle aurait pas cru sans le voir que la couleur du désespoir, là-bas, aussi ce fût le noir Lily
14%
Moi j'n'y arrive pas dans ce monde que je vois Loïc Nottet
14%
Moi j'n'y arrive pas dans ce monde que je vois Mr/Mme
14%
Des mots seulement gravés, pour ne pas oublier, pour tout changer On écrit sur les murs
14%
Ce film en noir et blanc, qu'il m'a joué deux cents fois Patricia Kaas
14%
Et parce que ma peau est la seule que j'ai, que bientôt mes os seront dans le vent Raphaël
14%
Allez, reviens à Paris, fais-le pour nous, je t'en supplie Slimane
14%
Des mots seulement gravés, pour ne pas oublier, pour tout changer Demis Roussos / Kids United
13%
Si on veut t'amener à renier tes erreurs, c'est pas pour ça qu'on t'aime France Gall
13%
Les rêves ou la violence, ah oui, ça vous glace, mais c'est pour ça qu'on chante Mentissa
13%
J'aime tous les succès de Duke Ellington, tous les standards d'Oscar Peterson Michel Jonasz
13%
Allez, reviens à Paris, fais-le pour nous, je t'en supplie Mon amour
13%
Ce film en noir et blanc, qu'il m'a joué deux cents fois Mon mec à moi
13%
Elle aurait pas cru sans le voir que la couleur du désespoir, là-bas, aussi ce fût le noir Pierre Perret
13%
Si on veut t'amener à renier tes erreurs, c'est pas pour ça qu'on t'aime Résiste
13%
Paris by night, regagne les cars, les boulangers font des bâtards Il est cinq heures, Paris s'éveille
12%
Des jours et des jours tu dérivas, mais jamais, jamais tu n'arrivas Manureva
12%
Des jours et des jours tu dérivas, mais jamais, jamais tu n'arrivas Alain Chamfort
11%
Nous étions jeunes et larges d'épaules, on attendait que la mort nous frôle Bernard Lavilliers
11%
On me dit que le destin se moque bien de nous, qu'il ne nous donne rien et qu'il nous promet tout Carla Bruni
11%
Qui pourrait m'empêcher de tout entendre quand la raison s'effondre Désenchantée
11%
Pour qu'aucune de ces dames te dirigent vers de contrées roses Eddy de Pretto
11%
Il pleure la fermeture à la rentrée future, de ses deux dernières classes Gauvain Sers
11%
Supprimer les traces la moindre trace, ce qui reste de candeur Gérald de Palmas
11%
Quand je sens en chemin les trépidations de ma machine Harley Davidson
11%
Il faut le croire, moi seul je sais quand elle a froid Julien Clerc
11%
Pour qu'aucune de ces dames te dirigent vers de contrées roses Kid
11%
Il pleure la fermeture à la rentrée future, de ses deux dernières classes Les oubliés
11%
Il faut le croire, moi seul je sais quand elle a froid Ma préférence
11%
Qui pourrait m'empêcher de tout entendre quand la raison s'effondre Mylène Farmer
11%
Nous étions jeunes et larges d'épaules, on attendait que la mort nous frôle On the road again
11%
On me dit que le destin se moque bien de nous, qu'il ne nous donne rien et qu'il nous promet tout Quelqu'un m'a dit
11%
Je l'ai conquis toute seule, il m'a offert toute sa vie Besoin de personne
10%
Quand je sens en chemin les trépidations de ma machine Brigitte Bardot
10%
Supprimer les traces la moindre trace, ce qui reste de candeur J'en rêve encore
10%
Toi qui as planté un arbre, dans ton petit jardin de banlieue La ballade des gens heureux
10%
Tu n'es pas toujours la plus belle, et je te reste infidèle Lettre à France
10%
Et si des fois on se chamaille, pour un garçon ou pour un détail Lorie Pester
10%
Nageant dans le brouillard, enlacés, roulant dans l'herbe Maxime Le Forestier
10%
Tu n'es pas toujours la plus belle, et je te reste infidèle Michel Polnareff
10%
Et tous les éléments se sont vus maîtrisés, en deux temps trois mouvements l'histoire était pliée Mickey 3D
10%
Génétique en bandoulière, des chromosomes dans l'atmosphère Noir Désir
10%
Et tous les éléments se sont vus maîtrisés, en deux temps trois mouvements l'histoire était pliée Respire
10%
Nageant dans le brouillard, enlacés, roulant dans l'herbe San Francisco
10%
S'acheter de l'air en barre, remplir la balance, quelques pétrodollars, contre l'existence Aux arbres citoyens
9%
Qui laissent des marques rouges, sur l'Antarctique, na-na-na Banana Split
9%
J'étais à deux doigts, d'y laisser tout mon bras, tout mon bras BB Brunes
9%
J'étais à deux doigts, d'y laisser tout mon bras, tout mon bras Coups et blessures
9%
J'ai le chronomètre dans la tête, combien de rêves me faudra-t-il, pour que les heures s'arrêtent? Dépassé
9%
Elle a ses longues mains de dentellière, à damner l'âme d'un Vermeer Elle est d'ailleurs
9%
Toi qui as planté un arbre, dans ton petit jardin de banlieue Gérard Lenorman
9%
Si j'avance avec toi, c'est que je me vois faire cette danse dans tes bras Grand Corps Malade et Camille Lellouche
9%
Je voudrais de la lumière, comme en Nouvelle Angleterre Jardin d'hiver
9%
Elle avait des yeux, des yeux d'opale qui me fascinaient, qui me fascinaient Le tourbillon de la vie
9%
Qui laissent des marques rouges, sur l'Antarctique, na-na-na Lio
9%
J'ai le chronomètre dans la tête, combien de rêves me faudra-t-il, pour que les heures s'arrêtent? Nuit Incolore
9%
Elle a ses longues mains de dentellière, à damner l'âme d'un Vermeer Pierre Bachelet
9%
Ici, l'amour c'est beaucoup, beaucoup trop superficiel, on fait que te répéter un jour "il tombera du ciel" Pierre de Maere
9%
Ici, l'amour c'est beaucoup, beaucoup trop superficiel, on fait que te répéter un jour "il tombera du ciel" Un jour je marierai un ange
9%
S'acheter de l'air en barre, remplir la balance, quelques pétrodollars, contre l'existence Yannick Noah
9%
Pendus dans ma paillote au bord de l'eau, y a des ananas, y a des noix de cocos Bourvil
8%
Un peu sonnée par ce foutu détail, ta voix résonne au fond de mes entrailles Butterfly
8%
Et après m’avoir dit en face, mes quatre ou cinq vérités Cassé
8%
Tant d'amis sont partis, du jour au lendemain, que je sais aujourd'hui qu'on peut mourir demain Garou
8%
Je voudrais de la lumière, comme en Nouvelle Angleterre Henri Salvador
8%
Dans les bras d'un bagagiste, un peu volage, ancien tueur à gages Jacques Higelin
8%
Parfois je me dis que j'ai tort de rester si passive, mais toi tu me regardes, moi je te dévore Je ne sais pas
8%
Et si des fois on se chamaille, pour un garçon ou pour un détail Je serai (ta meilleure amie)
8%
Parfois je me dis que j'ai tort de rester si passive, mais toi tu me regardes, moi je te dévore Joyce Jonathan
8%
C'est quand t'es choisis pour être gardien au hand-ball, quand t'es dans la Mercos de la Princesse de Galle La tristitude
8%
Et sous mon ciel de faïence, je n'vois briller que les correspondances Le poinçonneur des lilas
8%
Génétique en bandoulière, des chromosomes dans l'atmosphère Le vent nous portera
8%
Si j'avance avec toi, c'est que je me vois faire cette danse dans tes bras Mais je t'aime
8%
C'est quand t'es choisis pour être gardien au hand-ball, quand t'es dans la Mercos de la Princesse de Galle Oldelaf
8%
Pendus dans ma paillote au bord de l'eau, y a des ananas, y a des noix de cocos Salade de Fruits
8%
Salut à toi rebelle afghan, salut à toi le dissident Salut à toi
8%
Et sous mon ciel de faïence, je n'vois briller que les correspondances Serge Gainsbourg
8%
Tant d'amis sont partis, du jour au lendemain, que je sais aujourd'hui qu'on peut mourir demain Seul
8%
Un peu sonnée par ce foutu détail, ta voix résonne au fond de mes entrailles Superbus
8%
Dans les bras d'un bagagiste, un peu volage, ancien tueur à gages Tombé du ciel
8%
De toute façon c'est comme ça, nous deux, tu peux oublier, je pouvais dead pour toi mais tant pis, tu m'as pas aidée Anissa
7%
Salut à toi rebelle afghan, salut à toi le dissident Bérurier noir
7%
Une escapade à deux, la pluie m'assomme, l'gris m'empoisonne Etienne Daho
7%
Elle avait des yeux, des yeux d'opale qui me fascinaient, qui me fascinaient Jeanne Moreau
7%
Je fonde l'espoir que la robe que j'ai voulue et que j'ai cousue point par point La plus belle pour aller danser
7%
On chantait l'Internationale, les femmes portaient des faux cils Les Fatals Picards
7%
Si jamais t'as peur, aie confiance en moi, j'prendrai ta douleur, tu verras, ça ira Matt Pokora
7%
On chantait l'Internationale, les femmes portaient des faux cils Mon père était tellement de gauche
7%
Et après m’avoir dit en face, mes quatre ou cinq vérités Nolwenn Leroy
7%
Pourtant personne tu le sais bien, ne repasse par sa jeunesse. Serge Reggiani
7%
Une escapade à deux, la pluie m'assomme, l'gris m'empoisonne Weekend à Rome
7%
De toute façon c'est comme ça, nous deux, tu peux oublier, je pouvais dead pour toi mais tant pis, tu m'as pas aidée Wejdene
7%
Le cœur transi reste sourd, aux cris du marchand de glaces Alain Bashung
6%
Malgré tout l'amour que je te porte, toi, tu n'y entends vraiment rien Au soleil
6%
Je rêve d’un king de kidnapping, de quitter mon pauvre living, je veux du swing et du bling bling Battez-vous
6%
Mais son papa qui se trouvait là, a dit puisqu'elle ira en classe, ici à Clocher-les-bécasses Bécassine, c'est ma cousine
6%
Si l'on perd souvent ta trace, dès qu'arrive le printemps, si la vie te dépasse, passe, mon enfant Benjamin Biolay
6%
Pas de trip apocalyptique, on ne se plie qu'aux tortures poétiques. Bienvenue dans la secte
6%
Je rêve d’un king de kidnapping, de quitter mon pauvre living, je veux du swing et du bling bling Brigitte
6%
Et si ce jour-là tu as de la peine, à trouver où tous ces chemins te mènent Françoise Hardy
6%
Et Jude habite seule, un cottage à Chelsea, John et Paul, je crois sont les seuls à qui elle ait écrit Il a neigé sur Yesterday
6%
Pourtant personne tu le sais bien, ne repasse par sa jeunesse. Il suffirait de presque rien
6%
Malgré tout l'amour que je te porte, toi, tu n'y entends vraiment rien Jenifer
6%
Le désir encore pour l'hiver, un chaos d'efforts sur Saint-Hilaire Julien Doré
6%
Les statues d'airain, coulent dans leur chagrin Juliette Armanet
6%
Pas de trip apocalyptique, on ne se plie qu'aux tortures poétiques. La secte Phonétik
6%
Les statues d'airain, coulent dans leur chagrin Le dernier jour du disco
6%
J'ai bien, bien assez de courage pour tourner d'autres pages Lucie
6%
C'est, c'est encore, c'est encore plus fort, quand je sens le feu de mon corps Niagara
6%
Le désir encore pour l'hiver, un chaos d'efforts sur Saint-Hilaire Paris-Seychelles
6%
J'ai bien, bien assez de courage pour tourner d'autres pages Pascal Obispo
6%
Je fonde l'espoir que la robe que j'ai voulue et que j'ai cousue point par point Sylvie Vartan
6%
Si jamais t'as peur, aie confiance en moi, j'prendrai ta douleur, tu verras, ça ira Tombé
6%
Si l'on perd souvent ta trace, dès qu'arrive le printemps, si la vie te dépasse,passe, mon enfant Ton héritage
6%
Ils ont un monde à eux, que rien oblige à ressembler à ceux qu'on nous donne en modèle Un homme heureux
6%
Ils ont un monde à eux, que rien oblige à ressembler à ceux qu'on nous donne en modèle William Sheller
6%
Entre les mots, entre les lignes et sous le fard, d'un serment maquillé qui s'en va faire sa nuit Avec le temps
5%
Mais son papa qui se trouvait là, a dit puisqu'elle ira en classe, ici à Clocher-les-bécasses Chantal Goya
5%
Miracle sans nom à la station Javel, on voit le métro qui sort de son tunnel Charles Trenet
5%
L'école en bas, le tabac, deux boutiques ici, et c'est là qu'on a grandi Chez nous (Plan d'Aou, Air Bel)
5%
C'est, c'est encore, c'est encore plus fort, quand je sens le feu de mon corps Je dois m'en aller
5%
Mais plus riche qu'aux jours passés, de tendresse et de larmes et de temps Je reviens te chercher
5%
Entre les mots, entre les lignes et sous le fard, d'un serment maquillé qui s'en va faire sa nuit Léo Ferré
5%
je chante dans les Glaviots un groupe punk de Normandie, on répète dans la grange tous les mardis et les jeudis Manu Chao
5%
Et Jude habite seule, un cottage à Chelsea, John et Paul, je crois sont les seuls à qui elle ait écrit Marie Laforêt
5%
Et si ce jour-là tu as de la peine, à trouver où tous ces chemins te mènent Message personnel
5%
L'école en bas, le tabac, deux boutiques ici, et c'est là qu'on a grandi Patrick Fiori et Soprano
5%
Le cœur transi reste sourd, aux cris du marchand de glaces Vertige de l'amour
5%
Miracle sans nom à la station Javel, on voit le métro qui sort de son tunnel Y’a d’la joie
5%
Avec délicatesse, en souplesse, et doigté, choisissez bien les mots, dirigez bien vos gestes Déshabillez-moi
4%
Mais plus riche qu'aux jours passés, de tendresse et de larmes et de temps Gilbert Bécaud
4%
Mais qui donc est de taille à pouvoir m'arrêter ? Jean Ferrat
4%
Plus question d'chercher du travail, on pédalait dans les nuages La fille du coupeur de joint
4%
J'aime ceux qui paniquent, ceux qui sont pas logiques, enfin, pas "comme il faut" Les gens qui doutent
4%
Ceux qui m’ont embrassé, au bord de la Seine, où j’allais me jeter, jeté par une reine, que j’avais aimée Les hommes que j'aime
4%
je chante dans les Glaviots un groupe punk de Normandie, on répète dans la grange tous les mardis et les jeudis Les Wampas
4%
Caisse parfois, pleine de doute, je te griffe, te lacère -M-
4%
Mais qui donc est de taille à pouvoir m'arrêter ? Nuit et Brouillard
4%
Caisse parfois, pleine de doute, je te griffe, te lacère Qui de nous deux?
4%
J'aime ceux qui paniquent, ceux qui sont pas logiques, enfin, pas "comme il faut" Anne Sylvestre
3%
Ils sourient rouge et me parlent gris ? Je fais semblant d'avoir tout compris Christine
3%
Je lui parle pas des filles de Jussieu, elle parle pas trop de Depardieu Fanny Ardant et moi
3%
La glace fondait dans les spritzs, c’était à n’y comprendre rien Feu! Chatterton
3%
Plus question d'chercher du travail, on pédalait dans les nuages Hubert-Félix Thiéfaine
3%
Toi, tu préfères mourir que de te rendre, va donc savoir va comprendre Jane Birkin
3%
Avec délicatesse, en souplesse, et doigté, choisissez bien les mots, dirigez bien vos gestes Juliette Gréco
3%
Alors toi mon ami, dont les jours sont de pluie, d'heures toutes perdues, écoute et souris La musique
3%
Ceux qui m’ont embrassé, au bord de la Seine, où j’allais me jeter, jeté par une reine, que j’avais aimée La rue Kétanou
3%
La glace fondait dans les spritzs, c’était à n’y comprendre rien Monde nouveau
3%
Toi, tu préfères mourir que de te rendre, va donc savoir va comprendre Quoi
3%
Ils sourient rouge et me parlent gris ? Je fais semblant d'avoir tout compris Rahim Redcar
3%
Le patron t'appelle dans son bureau, deux minutes pour discuter SLT
3%
Le patron t'appelle dans son bureau, deux minutes pour discuter Suzane
3%
Je lui parle pas des filles de Jussieu, elle parle pas trop de Depardieu Vincent Delerm
3%
Elle ressort de sa tanière, la nazi-nostalgie, croix gammée, bottes à clous, et toute la panoplie. Anne, ma soeur Anne
2%
Tomber ce n'est rien puisqu'elle se relève, un sourire sur les lèvre Arthur H
2%
Je suis pendu à cet espoir, que vous m'avez soldé Cali
2%
Je suis pendu à cet espoir, que vous m'avez soldé C'est quand le bonheur ?
2%
Tomber ce n'est rien puisqu'elle se relève, un sourire sur les lèvre La boxeuse amoureuse
2%
J'me sens brimée, du mal à m'exprimer, j'trouve pas les mots, les fois que j'en dis trop La Zarra
2%
Elle ressort de sa tanière, la nazi-nostalgie, croix gammée, bottes à clous, et toute la panoplie. Louis Chedid
2%
Et le Golden Gate s’endort, sur Alcatraz où traîne encore des sanglots couleur de prison. Nicolas Peyrac
2%
Alors toi mon ami, dont les jours sont de pluie, d'heures toutes perdues, écoute et souris Nicoletta
2%
Je dois m'y faire j'ai sur les épaules, un bulldozer et le mauvais rôle Pomme
2%
Je dois m'y faire j'ai sur les épaules, un bulldozer et le mauvais rôle Sans toi
2%
Et le Golden Gate s’endort, sur Alcatraz où traîne encore des sanglots couleur de prison. So far away from LA
2%
J'me sens brimée, du mal à m'exprimer, j'trouve pas les mots, les fois que j'en dis trop Tu t'en iras
2%
On marche dans l'hiver, brillant comme une abeille, brillant comme un éclair qui dure et émerveille Ah, que la vie est belle
1%
Quand sur la rive parfois, au lointain j'aperçois, un paquebot qui s'en va, vers lui je tends les bras J'ai deux amours
1%
Quand sur la rive parfois, au lointain j'aperçois, un paquebot qui s'en va, vers lui je tends les bras Joséphine Baker
1%
Sans l'espoir d'apprendre à leur apprendre, à ne pas compter les heures Les Innocents
1%
À l'instant du réveil, pour des joies futiles, pour des joies futiles, pour la pluie, le soleil Nana Mouskouri
1%
À l'instant du réveil, pour des joies futiles, pour des joies futiles, pour la pluie, le soleil Quand tu chantes
1%
Le froid et l'absence, cet odieux silence, blanche solitude Salvatore Adamo
1%
Le froid et l'absence, cet odieux silence, blanche solitude Tombe la neige
1%
Sans l'espoir d'apprendre à leur apprendre, à ne pas compter les heures Un homme extraordinaire
1%
On marche dans l'hiver, brillant comme une abeille, brillant comme un éclair qui dure et émerveille Brigitte Fontaine
0%
Aucun quiz correspondant
Distribution des résultats
% des personnes avec chaque résultat
Percentile par nombre de réponses
Votre historique - résultats
Vous n’avez pas pris ce quiz